[Event "Giessen op"]
[Site "Giessen"]
[Date "1992.??.??"]
[Round "?"]
[White "Kishnev, Sergey"]
[Black "Schmidt, B."]
[Result "1-0"]
[WhiteElo "2540"]
[BlackElo "2340"]

1.d4 Nf6 2.c4 g6 3.Nc3 d5 4.cxd5 Nxd5 5.e4 Nxc3 6.bxc3 Bg7 7.Bc4 O-O 8.Ne2 c5
9.Be3 Nc6 10.Rc1 e6 11.O-O Na5 12.Bd3 cxd4 13.cxd4 b6 14.Qa4 Bd7 15.Qa3 Re8
16.Rc3 Bf8 17.Qb2 Rc8 18.Rfc1 Rxc3 19.Qxc3 Bc6 20.Ng3 Qa8 21.h4 Bg7 22.h5 Bb7
23.Qe1 Nc6 24.Ne2 Qd8 25.Bb5 Qd7 26.Rd1 a6 27.Ba4 b5 28.Bb3 Ne7 29.f3 Rc8
30.hxg6 hxg6 31.Nf4 Qd6 32.Kf1 Rc7 33.Nh3 Rd7 34.Ng5 Nc6 35.e5 Qe7 36.Ne4 Nxe5
37.dxe5 Rxd1 38.Bxd1 Bxe4 39.fxe4 Bxe5 40.Bb3 Kg7 41.Bd2 Qd8 42.g3 Qd3+ 43.Kg2 Bd4
44.Bd1 Qc4 45.Qe2 Qc5 46.Qd3 e5 47.Bb3 Qa3 48.Qf3 f5 49.exf5 Qb2 50.f6+  1-0

[Event "Gistrup"]
[Site "Gistrup"]
[Date "1992.??.??"]
[Round "2"]
[White "Bator, Robert"]
[Black "Konopka, Michal"]
[Result "1-0"]
[WhiteElo "2355"]
[BlackElo "2360"]

1.d4 Nf6 2.c4 g6 3.Nc3 d5 4.cxd5 Nxd5 5.e4 Nxc3 6.bxc3 Bg7 7.Bc4 c5 8.Ne2 Nc6
9.Be3 O-O 10.O-O Qc7 11.Bf4 e5 12.Bg3 Qe7 13.dxe5 Nxe5 14.Bd5 Be6 15.Nf4 Bxd5
16.Nxd5 Qd8 17.f4 Nc6 18.f5 Be5 19.Qd2 Bxg3 20.hxg3 Ne7 21.Nxe7+ Qxe7 22.f6 Rfd8
23.fxe7 Rxd2 24.Rad1  1-0

[Event "Gistrup"]
[Site "Gistrup"]
[Date "1992.??.??"]
[Round "8"]
[White "Bator, Robert"]
[Black "Zezulkin, Jurij"]
[Result "1-0"]
[WhiteElo "2355"]
[BlackElo "2440"]

1.d4 Nf6 2.c4 g6 3.Nc3 d5 4.cxd5 Nxd5 5.e4 Nxc3 6.bxc3 Bg7 7.Bc4 c5 8.Ne2 Nc6
9.Be3 O-O 10.O-O Qc7 11.Bf4 Qd7 12.d5 Na5 13.Bd3 e5 14.Be3 c4 15.Bc2 b6 16.f4 f6
17.f5 Nb7 18.Ng3 Rf7 19.Qd2 Bf8 20.Bd1 Bc5 21.fxg6 hxg6 22.Bxc5 Nxc5 23.Qh6  1-0

[Event "Goteborg op"]
[Site "Goteborg"]
[Date "1992.??.??"]
[Round "?"]
[White "Panczyk, Krzysztof"]
[Black "Carlhammar, Magnus"]
[Result "1-0"]
[WhiteElo "2425"]
[BlackElo "2280"]

1.d4 Nf6 2.c4 g6 3.Nc3 d5 4.cxd5 Nxd5 5.e4 Nxc3 6.bxc3 Bg7 7.Be3 c5 8.Qd2 Qa5
9.Rc1 cxd4 10.cxd4 Qxd2+ 11.Kxd2 O-O 12.Bd3 e6 13.Ne2 Nc6 14.Rc4 Bd7 15.Rb1 b6
16.Rbc1 Rfc8 17.e5 Ne7 18.Rc7 Rd8 19.Bg5 Kf8 20.Be4 Rac8 21.Rxd7  1-0

[Event "Graz"]
[Site "Graz"]
[Date "1992.??.??"]
[Round "2"]
[White "Postl, Anton"]
[Black "Rogulj, Branko"]
[Result "1-0"]
[WhiteElo "2265"]
[BlackElo "2445"]

1.d4 Nf6 2.c4 g6 3.Nc3 d5 4.cxd5 Nxd5 5.e4 Nxc3 6.bxc3 Bg7 7.Be3 c5 8.Qd2 Qa5
9.Nf3 O-O 10.Rb1 b6 11.Bd3 Rd8 12.Rb5 Qa4 13.O-O Nc6 14.Rbb1 Ba6 15.Bxa6 Qxa6
16.Bh6 Bh8 17.d5 Ne5 18.Nxe5 Bxe5 19.f4 Bg7 20.Bxg7 Kxg7 21.e5 Qc4 22.Rbd1 f5
23.exf6+ exf6 24.f5 g5 25.Rfe1 Rd7 26.Re6 Rad8 27.d6 b5 28.Qe3 Rf7 29.Re4 Qxa2
30.Qxc5 Qc2 31.Red4 Qe2 32.h3 a6 33.Kh1 Rfd7 34.Qc6 a5 35.Qc5 a4 36.Rb1 Rb8
37.Qc6 Rbb7 38.Qc5 h5 39.Qd5 Rb6 40.Qc5 Rbb7 41.Qd5 Rb6 42.Re4 Qc2 43.Rbe1 Rbb7
44.Re7+ Rxe7 45.dxe7 Rb8 46.Qd7  1-0

[Event "Groningen op"]
[Site "Groningen"]
[Date "1992.??.??"]
[Round "8"]
[White "Shipov, Sergei"]
[Black "Dvoirys, Semen I"]
[Result "1/2-1/2"]
[WhiteElo "2490"]
[BlackElo "2570"]

1.d4 Nf6 2.c4 g6 3.Nc3 d5 4.cxd5 Nxd5 5.e4 Nxc3 6.bxc3 Bg7 7.Be3 c5 8.Qd2 Qa5
9.Rb1 b6 10.Bb5+ Bd7 11.Be2 Nc6 12.Nf3 O-O 13.Rc1 cxd4 14.cxd4 Rfc8 15.Qxa5 Nxa5
16.Kd2 b5 17.Rxc8+ Rxc8 18.Rc1 Nc4+ 19.Bxc4 bxc4 20.Kc3 e6 21.Ne5 Bb5 22.Kb4 Rb8
23.Kc3 Rc8 24.Nf3 a5 25.Ne1 Bf8 26.Nc2 Bc6 27.f3 f5 28.exf5 exf5 29.Bf4 Ba4
30.Rb1 Rd8 31.Rb8 Rxb8 32.Bxb8 Bxc2 33.Kxc2 Bb4 34.a4 Kf7 35.d5 Ke7 36.Bf4 Kd7
37.h3 Be1 38.Kd1 Bb4 39.Kc2 Be1 40.Kd1 Bb4 41.Kc2 Bd6 42.Bd2  1/2-1/2

[Event "Hamburg op"]
[Site "Hamburg"]
[Date "1992.??.??"]
[Round "5"]
[White "Ward, Christopher"]
[Black "Christ, Ralf"]
[Result "1-0"]
[WhiteElo "2440"]
[BlackElo "2245"]

1.d4 Nf6 2.c4 g6 3.Nc3 d5 4.cxd5 Nxd5 5.e4 Nxc3 6.bxc3 Bg7 7.Bc4 c5 8.Ne2 O-O
9.Be3 Nc6 10.Rc1 cxd4 11.cxd4 Qa5+ 12.Kf1 Bd7 13.h4 Rfc8 14.h5 e5 15.Bd2 Qa3
16.d5 Nd4 17.Nxd4 exd4 18.Qb3 Qxb3 19.axb3 b5 20.Bd3 Rxc1+ 21.Bxc1 a5 22.hxg6 hxg6
23.Ke2 a4 24.bxa4 Rxa4 25.Rd1 b4 26.Bc4 f5 27.exf5 Bxf5 28.d6+ Kf8 29.Bg5 Bd7
30.Rh1 b3 31.Bxb3 Bb5+ 32.Kd2 Rb4 33.Rb1 Bd7 34.Be7+ Ke8 35.Bf7+ Kxf7 36.Rxb4 Be5
37.g3 Bf5 38.f4 Bg7 39.Bg5 Bd7 40.Be7 Bf5 41.Rb7  1-0

[Event "Haninge"]
[Site "Haninge"]
[Date "1992.??.??"]
[Round "4"]
[White "Hansen, Lars Bo"]
[Black "Ernst, Thomas"]
[Result "1/2-1/2"]
[WhiteElo "2535"]
[BlackElo "2535"]

1.d4 Nf6 2.c4 g6 3.Nc3 d5 4.cxd5 Nxd5 5.e4 Nxc3 6.bxc3 Bg7 7.Bc4 c5 8.Ne2 Nc6
9.Be3 O-O 10.O-O Bg4 11.f3 Na5 12.Bxf7+ Rxf7 13.fxg4 Rxf1+ 14.Kxf1 Qd6 15.e5 Qd5
16.g5 Qe4 17.Bf2 Rf8 18.Ng1 Nc4 19.Nf3 Ne3+ 20.Bxe3 Qxe3 21.Qb3+ Kh8 22.Re1 Rxf3+
23.gxf3 Qxf3+ 24.Kg1 Qg4+ 25.Kf2 Qf4+ 26.Ke2 cxd4 27.cxd4 Qxd4 28.Kf3 Qh4
29.Qe6 h6 30.gxh6 Qxe1 31.hxg7+ Kxg7 32.Qxe7+ Kh6 33.Qf8+ Kh7 34.Qe7+ Kh6
35.e6 Qc3+ 36.Ke4 Qc4+ 37.Ke5 Qb5+ 38.Kd6 Qc6+ 39.Ke5 Qb5+ 40.Kd4  1/2-1/2

[Event "Helsinki op"]
[Site "Helsinki"]
[Date "1992.??.??"]
[Round "2"]
[White "Dokhoian, Yury"]
[Black "Dvoirys, Semen I"]
[Result "0-1"]
[WhiteElo "2505"]
[BlackElo "2570"]

1.d4 Nf6 2.c4 g6 3.Nc3 d5 4.cxd5 Nxd5 5.e4 Nxc3 6.bxc3 Bg7 7.Be3 c5 8.Qd2 Qa5
9.Rb1 b6 10.Rb5 Qa4 11.Rb2 Ba6 12.Bxa6 Nxa6 13.Ne2 e5 14.O-O Rd8 15.Qd1 Qc4
16.Rd2 O-O 17.f3 exd4 18.cxd4 cxd4 19.Nxd4 Nb4 20.a3 Qc3 21.Re1 Qxa3 22.Nb5 Rxd2
23.Bxd2 Qb2 24.Qc1 Nd3 25.Qxb2 Bxb2 26.Rd1 a5 27.Bh6 Rd8 28.Be3 a4 29.Kf1 Rd7
30.Ke2 Ne5 31.Rxd7 Nxd7 32.Kd3 Ne5+ 33.Kc2 Nc4 34.Bxb6 a3 35.Bd4 Bxd4 36.Nxd4 a2
37.Nb3 Ne3+ 38.Kb2 Nxg2 39.Kxa2 Kg7 40.Kb2 Kf6 41.Kc1 Kg5 42.Nd4 Kh4 43.Nc6 Kh3
44.Ne5 f5 45.Nf7 Kxh2 46.e5 Nf4 47.Kd2 h5 48.Ng5 h4  0-1

[Event "Helsinki op"]
[Site "Helsinki"]
[Date "1992.??.??"]
[Round "8"]
[White "Piskov, Yury"]
[Black "Dvoirys, Semen I"]
[Result "0-1"]
[WhiteElo "2500"]
[BlackElo "2570"]

1.d4 Nf6 2.c4 g6 3.Nc3 d5 4.cxd5 Nxd5 5.e4 Nxc3 6.bxc3 Bg7 7.Be3 c5 8.Qd2 Qa5
9.Rb1 b6 10.Bb5+ Bd7 11.Be2 Nc6 12.Nf3 O-O 13.Rc1 cxd4 14.cxd4 Rfc8 15.Qxa5 Nxa5
16.Kd2 b5 17.Rxc8+ Rxc8 18.Rc1 Nc4+ 19.Bxc4 bxc4 20.Kc3 e6 21.Nd2 Bb5 22.Rb1 a6
23.e5 f5 24.exf6 Bxf6 25.Ne4 Be7 26.f3 Bd8 27.Nc5 Ba5+ 28.Kc2 e5 29.a4 exd4
30.axb5 dxe3 31.Nb7 Bd2 32.Nd6 Rb8 33.b6 c3 34.Nc4 a5 35.Kd1 e2+  0-1

[Event "Helsinki op"]
[Site "Helsinki"]
[Date "1992.??.??"]
[Round "8"]
[White "Dokhoian, Yury"]
[Black "Holmsten, Aleksei"]
[Result "1-0"]
[WhiteElo "2505"]
[BlackElo "2205"]

1.d4 Nf6 2.c4 g6 3.Nc3 d5 4.cxd5 Nxd5 5.e4 Nxc3 6.bxc3 Bg7 7.Be3 c5 8.Qd2 Qa5
9.Rb1 a6 10.Rc1 O-O 11.Nf3 Bg4 12.d5 f5 13.exf5 Bxf3 14.gxf3 Rxf5 15.f4 Nd7
16.Bh3 Raf8 17.Bxf5 Rxf5 18.c4 Qc7 19.O-O Qd6 20.Qe2 Bh6 21.Rc3 Nf6 22.Re1 b5
23.cxb5 Nxd5 24.Rxc5 axb5 25.Rxb5 Bxf4 26.Bxf4 Qxf4 27.Rb3 Qh4 28.Rg3 Qd4
29.Qc2 Kf8 30.Rd1 Qe5 31.a4 Nf4 32.Re3 Qf6 33.Rde1 Qh4 34.Qc3 Kg8 35.a5 Qg4+
36.Rg3 Ne2+ 37.Kf1 Nxg3+ 38.hxg3 Rf7 39.a6 Qf5 40.Qe3 Qb5+ 41.Qe2 Qb6 42.Qa2 Qa7
43.Re6 Kf8 44.Rc6 Rf5 45.Kg1 Qd4 46.Rc1 Qa7 47.Rc8+ Kg7 48.Qb2+ Kh6 49.Rc6 Rf7
50.Rb6 e5 51.Rb7 Rxb7 52.axb7 Qb8 53.Qc1+  1-0

[Event "EU-ch U20 Girls"]
[Site "Hradec Kralove"]
[Date "1992.??.??"]
[Round "?"]
[White "Botsari Miladinovic, Anna Maria"]
[Black "Licina, Anita"]
[Result "1-0"]
[WhiteElo "2305"]
[BlackElo "2070"]

1.d4 Nf6 2.c4 g6 3.Nc3 d5 4.cxd5 Nxd5 5.e4 Nxc3 6.bxc3 Bg7 7.Nf3 c5 8.Rb1 O-O
9.Be2 cxd4 10.cxd4 Qa5+ 11.Bd2 Qxa2 12.O-O Bg4 13.Be3 b6 14.Qd3 Rc8 15.h3 Bxf3
16.Bxf3 e5 17.Ra1 Qc4 18.Rfc1 Qe6 19.Bg4 f5 20.exf5 Rxc1+ 21.Rxc1 Qe8 22.f6 Bxf6
23.Rc8 Bd8 24.dxe5  1-0

[Event "EU-ch U20 Girls"]
[Site "Hradec Kralove"]
[Date "1992.??.??"]
[Round "?"]
[White "Sedlakova, Ivana"]
[Black "Licina, Anita"]
[Result "0-1"]
[WhiteElo "2030"]
[BlackElo "2070"]

1.d4 Nf6 2.c4 g6 3.Nc3 d5 4.cxd5 Nxd5 5.e4 Nxc3 6.bxc3 Bg7 7.Be3 O-O 8.Bc4 e5
9.Ne2 Nc6 10.d5 Na5 11.Bd3 c6 12.Bc5 Re8 13.dxc6 Nxc6 14.O-O Qa5 15.Be3 Be6
16.Qc2 Rac8 17.Qb2 Qc7 18.Rab1 Red8 19.Bb5 b6 20.Ba6 Rb8 21.Rfc1 Bf8 22.Bg5 Be7
23.Bxe7 Qxe7 24.c4 Qc5 25.Nc3 Rd4 26.Nd5 Kg7 27.Re1 Na5 28.Rbc1 Rd8 29.Qc3 f6
30.Kh1 Rd6 31.Rcd1 Bxd5 32.exd5 R4xd5 33.Rxd5 Rxd5 34.f3 Rd4 35.Rc1 Qd6 36.h3 Qc5
37.Qc2 Nc6 38.Bb5 Nb4 39.Qe2 Nd3 40.Rc3 Nf4 41.Qc2 Ne6 42.Rd3 Rxd3 43.Qxd3 Nd4
44.Ba4 f5 45.Bb3 Kf6 46.Qd1 f4 47.Qd3 Qd6 48.Qe4 Nf5 49.Qa8 Ng3+ 50.Kh2 Qe7
51.Qc8 Kg7 52.Qb8 Kh6 53.Ba4 Qc5 54.Qd8 Nf1+ 55.Kh1 Qf2 56.Qf8+ Kh5 57.Bd7 Qe1
58.Bg4+ Kh4 59.Qf6+ Kg3  0-1

[Event "HUN-ch"]
[Site "?"]
[Date "1992.??.??"]
[Round "2"]
[White "Groszpeter, Attila"]
[Black "Adorjan, Andras"]
[Result "0-1"]
[WhiteElo "2520"]
[BlackElo "2550"]

1.d4 Nf6 2.c4 g6 3.Nc3 d5 4.cxd5 Nxd5 5.e4 Nxc3 6.bxc3 Bg7 7.Bb5+ c6 8.Ba4 b5
9.Bb3 b4 10.Qf3 O-O 11.Ne2 bxc3 12.O-O Ba6 13.Rd1 c5 14.dxc5 Qa5 15.e5 Nc6
16.Qxc6 Bxe2 17.Re1 c2 18.Rxe2 Qc3 19.f4 Rad8 20.Kf2 Qxa1 21.Rxc2 Rd1 22.Bd2 Rd8
23.Bc3 Rf1+ 24.Kg3 Rd3+ 25.Kh4 Rxf4+ 26.g4 Rxg4+ 27.Kxg4 Qd1+  0-1

[Event "HUN-ch"]
[Site "?"]
[Date "1992.??.??"]
[Round "5"]
[White "Chernin, Alexander"]
[Black "Horvath, Csaba"]
[Result "1-0"]
[WhiteElo "2600"]
[BlackElo "2515"]

1.d4 Nf6 2.c4 g6 3.Nc3 d5 4.cxd5 Nxd5 5.e4 Nxc3 6.bxc3 Bg7 7.Nf3 c5 8.Rb1 O-O
9.Be2 cxd4 10.cxd4 Qa5+ 11.Bd2 Qxa2 12.O-O Bg4 13.Be3 b6 14.Qd3 Rd8 15.Rfc1 Nd7
16.Ra1 Qe6 17.Ng5 Bxe2 18.Qxe2 Qd6 19.Qa2 e6 20.e5 Nxe5 21.dxe5 Bxe5 22.h4 Kg7
23.Rab1 Qd5 24.Qe2 h6 25.Rd1 Qb7 26.Nf3 Bf6 27.Qc4 e5 28.h5 gxh5 29.Qe2 Qe7
30.Nh2 Bg5 31.Qxh5 Bxe3 32.fxe3 Qg5 33.Qf3 Qf6 34.Qe4 Rxd1+ 35.Rxd1 Re8 36.Rf1 Qg6
37.Rf5 h5 38.Qf3 h4 39.Ng4 h3 40.gxh3 f6 41.Rxf6 Qb1+ 42.Kg2 Qa2+ 43.Kg3  1-0

[Event "HUN-ch"]
[Site "?"]
[Date "1992.??.??"]
[Round "9"]
[White "Groszpeter, Attila"]
[Black "Horvath, Csaba"]
[Result "1-0"]
[WhiteElo "2520"]
[BlackElo "2515"]

1.d4 Nf6 2.c4 g6 3.Nc3 d5 4.cxd5 Nxd5 5.e4 Nxc3 6.bxc3 Bg7 7.Bb5+ c6 8.Ba4 b5
9.Bb3 b4 10.Qf3 O-O 11.Ne2 bxc3 12.h4 c5 13.h5 cxd4 14.hxg6 e6 15.Qh5 fxg6
16.Qxh7+ Kf7 17.Bh6 Qf6 18.Bxg7 Qxg7 19.Nxd4 Re8 20.O-O-O Na6 21.Rd3 Qxh7
22.Rxh7+ Kf6 23.f4 g5 24.e5+ Kg6 25.Rdh3  1-0

[Event "HUN-chT"]
[Site "HUN"]
[Date "1992.??.??"]
[Round "?"]
[White "Gyorkos, Lajos"]
[Black "Adorjan, Andras"]
[Result "0-1"]
[WhiteElo "2450"]
[BlackElo "2535"]

1.d4 Nf6 2.c4 g6 3.Nc3 d5 4.cxd5 Nxd5 5.e4 Nxc3 6.bxc3 Bg7 7.Bc4 c5 8.Ne2 Nc6
9.Be3 O-O 10.O-O Qc7 11.Rb1 a6 12.Qc1 b5 13.Bd3 Rd8 14.Rd1 Bd7 15.a4 bxa4
16.Nf4 Qa5 17.Nd5 cxd4 18.cxd4 Rdb8 19.Bf4 Rxb1 20.Qxb1 a3 21.Bc4 Nxd4 22.Qb7 Rd8
23.Bc7 Qa4 24.Ne3 Bc6 25.Qb1 Rc8 26.e5 Nb5 27.Qc1 Nxc7 28.Rd4 Ne6 29.Bxe6 Qxd4
30.Bxc8 a2 31.Nc2 Qc3 32.Qd1 Bxe5 33.Bxa6 Qxc2 34.Qxc2 a1=Q+ 35.Bf1 Bb5  0-1

[Event "HUN-chT"]
[Site "HUN"]
[Date "1992.??.??"]
[Round "?"]
[White "Kallai, Gabor"]
[Black "Adorjan, Andras"]
[Result "1/2-1/2"]
[WhiteElo "2455"]
[BlackElo "2535"]

1.d4 Nf6 2.c4 g6 3.Nc3 d5 4.cxd5 Nxd5 5.e4 Nxc3 6.bxc3 Bg7 7.Bc4 c5 8.Ne2 Nc6
9.Be3 O-O 10.O-O Qc7 11.Rc1 Rd8 12.Qd2 a6 13.Bh6 Bh8 14.a4 Bd7 15.e5 b5 16.axb5 axb5
17.Bxb5 Nxe5 18.Bxd7 Qxd7 19.Qc2 Ng4 20.Bf4 cxd4 21.cxd4 Rac8 22.Qe4 Nf6
23.Qd3 Nd5 24.Bh6 Nb4 25.Qe4 Bf6 26.h3 e6 27.Qf3 Qe7 28.Rc5 Nd5  1/2-1/2

[Event "HUN-chT"]
[Site "HUN"]
[Date "1992.??.??"]
[Round "?"]
[White "Emodi, Barnabas"]
[Black "Rajcsanyi, Zita"]
[Result "1-0"]
[WhiteElo "2215"]
[BlackElo "2100"]

1.d4 Nf6 2.c4 g6 3.Nc3 d5 4.cxd5 Nxd5 5.e4 Nxc3 6.bxc3 Bg7 7.Bc4 c5 8.Ne2 Nc6
9.Be3 O-O 10.O-O Qc7 11.Rc1 Rd8 12.Bf4 Qd7 13.d5 Na5 14.Bb3 b6 15.c4 Ba6
16.Qd2 e5 17.Bh6 Bh8 18.f4 exf4 19.Qxf4 f6 20.Ng3 Nb7 21.Bd1 Re8 22.Bg4 Qd6
23.Be6+ Rxe6 24.dxe6 Qxe6 25.Rfd1 Rc8 26.Rd5 b5 27.Rcd1 bxc4 28.Rd6 Nxd6
29.Rxd6 Qe7 30.Rxa6 c3 31.Qc1 Qb7 32.Ra3 f5 33.exf5 Qb2 34.Rxa7 Re8 35.Qf1 Bd4+
36.Kh1 Bf2 37.Qc4+ Kh8 38.Bg7+  1-0

[Event "HUN-chT"]
[Site "HUN"]
[Date "1992.??.??"]
[Round "?"]
[White "Lukacs, Peter"]
[Black "Adorjan, Andras"]
[Result "0-1"]
[WhiteElo "2495"]
[BlackElo "2535"]

1.d4 Nf6 2.c4 g6 3.Nc3 d5 4.cxd5 Nxd5 5.e4 Nxc3 6.bxc3 Bg7 7.Bc4 c5 8.Ne2 Nc6
9.Be3 O-O 10.O-O Qc7 11.Rc1 Rd8 12.Bf4 Qd7 13.d5 Ne5 14.Bxe5 Bxe5 15.f4 Bg7
16.Qb3 Rb8 17.a4 Qc7 18.Rb1 Kh8 19.Ng3 Bd7 20.e5 a6 21.Ne4 b5 22.axb5 axb5
23.d6 exd6 24.Bxf7 c4 25.Qb4 Bf5 26.Nxd6 Bxb1 27.Rxb1 Bf8 28.Bd5 Rxd6  0-1

[Event "HUN-chT"]
[Site "HUN"]
[Date "1992.??.??"]
[Round "?"]
[White "Vigh, Bela"]
[Black "Deak, Sandor"]
[Result "1/2-1/2"]
[WhiteElo "2370"]
[BlackElo "2375"]

1.d4 Nf6 2.c4 g6 3.Nc3 d5 4.cxd5 Nxd5 5.e4 Nxc3 6.bxc3 Bg7 7.Bc4 O-O 8.Ne2 c5
9.O-O Nc6 10.Be3 Bg4 11.f3 Na5 12.Bd3 cxd4 13.cxd4 Be6 14.Qa4 a6 15.d5 b5
16.Qb4 Nc6 17.Qa3 Bxa1 18.Rxa1 Ne5 19.Rd1 Bd7 20.Bd4 Nxd3 21.Rxd3 a5 22.Qb2 b4
23.Rd1 Rc8 24.Be3 f6 25.e5 Ba4 26.Rd2 fxe5 27.Qxe5 Qd6 28.Qd4 Rc2 29.Rxc2 Bxc2
30.Bf4 Qf6 31.Qc4 Bf5 32.Nd4 Rc8 33.Nc6 Bd7 34.h3 e6 35.Bd6 Bxc6 36.dxc6 Qf5
37.Qa6 e5 38.c7 e4 39.fxe4 Qe6 40.Qb7 Re8 41.Bg3 Qc4 42.Kh2 a4 43.Qb8 Qe6
44.Qxb4 Qxa2 45.Qb5 Qe6 46.Qxa4 g5 47.Qd4 Kf7 48.Qa7 Kg6 49.Qc5 Rc8 50.Be5 h5
51.Qd5 Qxd5 52.exd5 Kf5 53.d6 Ke6 54.h4 gxh4 55.Kh3 Kd7 56.Kxh4 Ra8 57.Bf4 Ra2
58.g3 Rh2+ 59.Kg5 Rh1 60.Kf5 h4 61.g4 h3 62.g5 Rf1 63.g6 h2 64.g7 h1=Q 65.c8=Q+ Kxc8
66.g8=Q+ Kb7 67.Qb3+ Ka6  1/2-1/2

[Event "HUN-chT"]
[Site "HUN"]
[Date "1992.??.??"]
[Round "?"]
[White "Vigh, Bela"]
[Black "Vegh, Endre"]
[Result "0-1"]
[WhiteElo "2370"]
[BlackElo "2390"]

1.d4 Nf6 2.c4 g6 3.Nc3 d5 4.cxd5 Nxd5 5.e4 Nxc3 6.bxc3 Bg7 7.Bc4 O-O 8.Ne2 Nc6
9.Bd3 e5 10.d5 Na5 11.c4 c6 12.Ba3 Nxc4 13.Bxf8 Qa5+ 14.Kf1 Nd2+ 15.Kg1 Bxf8
16.h3 cxd5 17.exd5 e4 18.Bc2 Bc5 19.Bb3 e3 20.f3 Bd7 21.Kh2 Bd6+ 22.f4 Re8
23.Rc1 Qb4 24.Rf1 Nxf1+ 25.Qxf1 Bb5 26.g3 a5 27.Kg1 Qd2 28.Rc2 Qd3 29.Rb2 Ba3
30.Rc2 a4 31.Bxa4 Bxa4 32.Rc3 Qxd5 33.Rxa3 Bc6 34.Kh2 Qd2 35.Rb3 Qxa2  0-1

[Event "HUN-chT"]
[Site "HUN"]
[Date "1992.??.??"]
[Round "5"]
[White "Karsa, Laszlo"]
[Black "Liptay, Laszlo"]
[Result "1/2-1/2"]
[WhiteElo "2410"]
[BlackElo "2410"]

1.d4 Nf6 2.c4 g6 3.Nc3 d5 4.cxd5 Nxd5 5.e4 Nxc3 6.bxc3 Bg7 7.Be3 c5 8.Bc4 cxd4
9.cxd4 Qa5+ 10.Bd2 Qd8 11.Bc3 Nc6 12.Ne2 O-O 13.Qd2 Bg4 14.f3 Bd7 15.Rc1 Rc8
16.Bb3 e5 17.d5 Nd4 18.Nxd4 exd4 19.Bb4 Rxc1+ 20.Qxc1 Re8 21.O-O a5 22.Bd6 Bb5
23.Bc7 Qd7 24.d6 Bxf1 25.Kxf1 Bf6 26.Qc5 Bd8 27.Bb8 d3 28.Bc4 Qa4 29.Bb3 Qd7
30.Bc4 Bh4 31.Bc7 Qa4 32.Bb3 Qb4 33.Qxb4 axb4 34.g3 Bf6 35.e5 Rxe5 36.d7 Re3
37.Kf2 Re2+ 38.Kf1 Re3 39.Kf2 Re2+ 40.Kf1  1/2-1/2

[Event "HUN-chT"]
[Site "HUN"]
[Date "1992.??.??"]
[Round "7"]
[White "Sapi, Laszlo"]
[Black "Juhasz, Jozsef"]
[Result "1/2-1/2"]
[WhiteElo "2305"]
[BlackElo "2235"]

1.d4 Nf6 2.c4 g6 3.Nc3 d5 4.cxd5 Nxd5 5.e4 Nxc3 6.bxc3 Bg7 7.Bc4 c5 8.Ne2 Nc6
9.Be3 cxd4 10.cxd4 b5 11.Bd5 Bd7 12.Rc1 Rc8 13.Bxc6 Rxc6 14.Rxc6 Bxc6 15.d5 Bd7
16.O-O Qa5 17.Qd2 Qxd2 18.Bxd2 O-O 19.Rc1 Rc8 20.Rxc8+ Bxc8 21.Be3 a6 22.Kf1 f5
23.f3  1/2-1/2

[Event "HUN-chT"]
[Site "HUN"]
[Date "1992.??.??"]
[Round "7"]
[White "Szabolcsi, Janos"]
[Black "Juhasz, Jozsef"]
[Result "1/2-1/2"]
[WhiteElo "2380"]
[BlackElo "2235"]

1.d4 Nf6 2.c4 g6 3.Nc3 d5 4.cxd5 Nxd5 5.e4 Nxc3 6.bxc3 Bg7 7.Bb5+ c6 8.Ba4 O-O
9.Ne2 b5 10.Bb3 Bb7 11.f3 c5 12.Be3 Nd7 13.O-O Qc7 14.Qe1 e6 15.Qh4 Rfe8
16.Rad1 Nb6 17.dxc5 Nd7 18.Qg3 Be5 19.f4 Bg7 20.f5 Be5 21.Qf2 Nf6 22.fxe6 fxe6
23.Bd4 Rf8 24.Bxe6+ Kh8 25.Qh4 Nxe4 26.Nf4 Bxd4+ 27.cxd4 g5 28.Nd5 Rxf1+
29.Rxf1 Bxd5 30.Qh6 Bxe6 31.Qxe6 Nxc5 32.Qf6+ Qg7 33.dxc5 Qxf6 34.Rxf6 Kg7
35.Ra6 Rc8 36.Rxa7+ Kg8 37.Kf2 Rxc5 38.Kf3 h5 39.Rb7 Rc3+ 40.Ke4 Rc2 41.Rxb5 Rxg2
42.a4 Rg4+ 43.Kf5 Rxa4 44.Kg6 Ra6+ 45.Kxg5 Kg7 46.h4 Rg6+ 47.Kxh5 Rh6+ 48.Kg5 Rg6+
49.Kf5 Rf6+ 50.Ke5 Rh6 51.Rb4 Rh5+ 52.Ke6 Ra5 53.Rg4+ Kh6 54.Kf6 Ra6+ 55.Kf7  1/2-1/2

[Event "HUN-chT"]
[Site "HUN"]
[Date "1992.??.??"]
[Round "13"]
[White "Csonkics, Tunde"]
[Black "Kis, Bela"]
[Result "1-0"]
[WhiteElo "2315"]
[BlackElo "2255"]

1.d4 Nf6 2.c4 g6 3.Nc3 d5 4.cxd5 Nxd5 5.e4 Nxc3 6.bxc3 Bg7 7.Bc4 c5 8.Ne2 Nc6
9.Be3 O-O 10.O-O Qc7 11.Bf4 e5 12.Bg3 Qe7 13.d5 Na5 14.Bd3 c4 15.Bc2 b5 16.Qd2 Bd7
17.Rad1 Qd6 18.h3 f5 19.f4 Rae8 20.exf5 Bxf5 21.Bxf5 Rxf5 22.fxe5 Rxf1+ 23.Rxf1 Bxe5
24.Bxe5 Qxe5 25.Nf4 Rf8 26.g3 g5 27.Re1 Qd6 28.Nh5 Qc5+ 29.Kg2 h6 30.Re6 Rd8
31.d6 Nb7 32.Rg6+ Kf7 33.Rg7+ Kf8 34.d7 Qc7 35.Kh2 Qc5 36.Qe2  1-0

[Event "Hyeres op"]
[Site "Hyeres"]
[Date "1992.??.??"]
[Round "?"]
[White "Solozhenkin, Evgeniy"]
[Black "Kleinplatz, Sam"]
[Result "0-1"]
[WhiteElo "2465"]
[BlackElo "2295"]

1.d4 Nf6 2.c4 g6 3.Nc3 d5 4.cxd5 Nxd5 5.e4 Nxc3 6.bxc3 Bg7 7.Nf3 c5 8.Rb1 O-O
9.Be2 cxd4 10.cxd4 Qa5+ 11.Bd2 Qxa2 12.O-O Bd7 13.Rxb7 Bc6 14.Rb4 Bxe4 15.Bc4 Qc2
16.Qxc2 Bxc2 17.Rc1 a5 18.Rxb8 Rfxb8 19.Rxc2 Rb1+ 20.Bf1 a4 21.Ra2 a3 22.Bc3 Bh6
23.d5 Bc1 24.Nd4 Rab8 25.Nc6 R8b3 26.Bd4 Bb2 27.g3 Bxd4 28.Nxd4 Rd3 29.Nc2 Rd2  0-1

[Event "ISR-ch"]
[Site "ISR"]
[Date "1992.??.??"]
[Round "2"]
[White "Kaspi, Alexander"]
[Black "Alterman, Boris"]
[Result "0-1"]
[WhiteElo "2425"]
[BlackElo "2545"]

1.d4 Nf6 2.c4 g6 3.Nc3 d5 4.cxd5 Nxd5 5.e4 Nxc3 6.bxc3 Bg7 7.Bc4 c5 8.Ne2 Nc6
9.Be3 cxd4 10.cxd4 Qa5+ 11.Bd2 Qh5 12.O-O O-O 13.Be3 Rd8 14.Rc1 Bd7 15.f4 Bg4
16.d5 e6 17.h3 Bxe2 18.Bxe2 Qh4 19.Bf3 exd5 20.exd5 Ne7 21.Qd2 Nf5 22.Bf2 Qe7
23.Rfe1 Qd7 24.Re2 h5 25.h4 Rac8 26.Ree1 b6 27.g3 Bf8 28.Kh2 Bc5 29.Bxc5 Rxc5
30.Rxc5 bxc5 31.Rc1 Qd6 32.Bg2 Re8 33.Re1 Rxe1 34.Qxe1 c4 35.Qe8+ Kg7 36.Be4 Ne3
37.Bf3 Nxd5 38.Qe4 Nb6 39.f5 c3 40.fxg6 fxg6 41.Kg2 Nd7 42.Be2 Ne5 43.Kf1 Qc5
44.Bd1 Ng4 45.Bxg4 c2  0-1

[Event "Karvina op"]
[Site "Karvina"]
[Date "1992.??.??"]
[Round "3"]
[White "Sobek, Jaroslav"]
[Black "Rawski, Slawomir"]
[Result "1-0"]
[WhiteElo "2280"]
[BlackElo "2300"]

1.d4 Nf6 2.c4 g6 3.Nc3 d5 4.cxd5 Nxd5 5.e4 Nxc3 6.bxc3 Bg7 7.Be3 c5 8.Qd2 O-O
9.Nf3 Nc6 10.Bh6 Qa5 11.Bxg7 Kxg7 12.d5 Rd8 13.h4 h5 14.Be2 Bg4 15.c4 Bxf3
16.Qxa5 Nxa5 17.gxf3 Rd6 18.Rb1 Ra6 19.e5 Rd8 20.f4 b6 21.Rb2 Nb7 22.Rh3 Ra4
23.f5 Kh6 24.Rg3 Na5 25.fxg6 fxg6 26.Bd3 Rg8 27.Rc2 Ra3 28.f4 b5 29.Rcg2 Nxc4
30.Rxg6+ Rxg6 31.Rxg6+ Kh7 32.Bb1 Kh8 33.d6 exd6 34.exd6 Re3+ 35.Kf2 Re8
36.d7 Rd8 37.Bf5 Nb6 38.Re6 Nxd7 39.Rh6+ Kg7 40.Rh7+ Kf6 41.Rxd7 Rb8 42.Bc2 a5
43.Rd5 Rc8 44.Rxh5 a4 45.Rh6+ Kg7 46.Rb6 Rf8 47.Ke3 Re8+ 48.Kf3 Re1 49.Rxb5 Ra1
50.Bxa4 Rxa2 51.Bb3 Ra3 52.Kg4 Kf6 53.Bc4 Ra1 54.Rxc5 Rg1+ 55.Kf3 Rh1 56.h5 Kg7
57.Rc7+ Kh6 58.Bd3 Rh3+ 59.Ke2 Rh2+ 60.Kf1  1-0

[Event "Katerini op"]
[Site "Katerini"]
[Date "1992.??.??"]
[Round "?"]
[White "Alterman, Boris"]
[Black "Tseitlin, Mikhail S"]
[Result "1/2-1/2"]
[WhiteElo "2545"]
[BlackElo "2495"]

1.d4 Nf6 2.c4 g6 3.Nc3 d5 4.cxd5 Nxd5 5.e4 Nxc3 6.bxc3 Bg7 7.Nf3 c5 8.Rb1 O-O
9.Be2 cxd4 10.cxd4 Qa5+ 11.Qd2 Qxd2+ 12.Bxd2 b6 13.O-O Bb7 14.d5 Ba6 15.Rfe1 Bxe2
16.Rxe2 Na6 17.Be3  1/2-1/2

[Event "Katowice op"]
[Site "Katowice"]
[Date "1992.??.??"]
[Round "4"]
[White "Bykhovsky, Avigdor"]
[Black "Perelshteyn, Mikhail"]
[Result "1/2-1/2"]
[WhiteElo "2475"]
[BlackElo "2370"]

1.d4 Nf6 2.c4 g6 3.Nc3 d5 4.cxd5 Nxd5 5.e4 Nxc3 6.bxc3 Bg7 7.Be3 c5 8.Qd2 Qa5
9.Rb1 cxd4 10.cxd4 Qxd2+ 11.Kxd2 O-O 12.Nf3 Rd8 13.Bd3 Nc6 14.d5 Ne5 15.Nxe5 Bxe5
16.f4 Bg7 17.Bc5 Bh6 18.Ke3 e5 19.g3 f5 20.Be7 Re8 21.d6 Bf8 22.Bc4+ Kg7
23.Bxf8+ Kxf8 24.Bd5 exf4+ 25.Kxf4 fxe4 26.Bxe4 g5+ 27.Kf3 h5 28.Rhf1 Bh3
29.Rf2 Rad8 30.Ke3+ Kg8 31.Rb5 Rd7 32.Rxg5+ Rg7 33.Rxg7+ Kxg7 34.Kd4 Rd8
35.Bxb7 Rxd6+ 36.Kc5 Rb6 37.Bd5 Be6 38.Bxe6 Rxe6 39.Rd2 Re5+ 40.Rd5 Re2 41.Rxh5 Rxa2
42.Kd4 Kg6 43.Rh8 Kg7 44.Rh3 a5 45.Kc3 a4 46.Kb4 Kg6 47.Rh8 Kg7 48.Rh4 Kg6
49.Rg4+ Kh5 50.Rg8 Kh6 51.h4 Kh7 52.Rg5 Kh6 53.Rc5 Re2 54.Kxa4 Re3 55.Rg5 Rc3
56.Kb4 Rc8 57.g4 Rc1 58.Rh5+ Kg6 59.Rc5 Rh1 60.h5+ Kh6 61.Rc6+ Kh7 62.Kc5 Rg1
63.Rg6 Rd1 64.Kc4 Rd2 65.Kb3 Rd4 66.Kc2 Rd8 67.Kc3 Rd1 68.Kc4 Rd2 69.Kc5 Rd1
70.Rd6 Rg1 71.Rd4 Kh6 72.Kd5 Kg5 73.Re4 Rf1 74.Ke6 Rf2 75.Ke7 Rf1 76.Ke8 Rf6
77.Rd4 Kh4 78.Ke7 Rf1 79.Re4 Kg5 80.Kd8 Kf6 81.Kd7 Rf2 82.Ke8 Rf3 83.Rc4  1/2-1/2

[Event "Katowice op"]
[Site "Katowice"]
[Date "1992.??.??"]
[Round "5"]
[White "Kiselev, Sergey"]
[Black "Krasenkow, Michal"]
[Result "1/2-1/2"]
[WhiteElo "2540"]
[BlackElo "2495"]

1.d4 Nf6 2.c4 g6 3.Nc3 d5 4.cxd5 Nxd5 5.e4 Nxc3 6.bxc3 Bg7 7.Bb5+ c6 8.Ba4 b5
9.Bb3 b4 10.Ne2 bxc3 11.Be3 Ba6 12.Rc1 Nd7 13.e5 e6 14.Nxc3 c5 15.f4 cxd4
16.Qxd4 O-O 17.Kf2 Bb7 18.Rhd1 Qh4+ 19.Kg1 Rfd8 20.Qc4 Bh6 21.Re1 g5 22.fxg5 Bxg5
23.Qxh4 Bxh4 24.Bf2 Bxf2+ 25.Kxf2 Nc5 26.Bc4 Rac8 27.Bf1 Nd3+ 28.Bxd3 Rxd3
29.Ne4 Rxc1 30.Nf6+ Kg7 31.Rxc1 Rd2+ 32.Ke3 Rxg2 33.Rc7 Rb2 34.h4 Kg6 35.h5+ Kf5
36.Rxf7 Kxe5 37.Ng4+ Kd6 38.Rxh7 Bd5 39.Rxa7 Rxa2 40.Rxa2 Bxa2  1/2-1/2